=LDR 00000nam 2200000 4500 =001 INLIS000000000000727 =005 20200902101052 =035 ##$$a 0010-061300000000727 =008 200902################g##########0#ind## =041 ##$$a Ind =082 ##$$a 301 =090 ##$$a 301, Kun-p =100 ##$$a Kuncaraningrat =245 1#$$a Pengantar Antropologi II /$c Koentjaraningrat =260 ##$$a Jakarta :$b Rineka Cipta,$c 2003 =300 ##$$a 206 hlm. ; $c 23 x 15 cm. =650 #4$$a Antropologi =850 ##$$a NBPNMAT =020 ##$$a 979-518-663-9 =084 ##$$a 301 KUN p =250 ##$$a cet. 3 =520 ##$$a Bibliografi hlm. 225 =990 ##$$a DW99000801 =990 ##$$a DW99000802 =990 ##$$a 00044425 =990 ##$$a 10607206 =990 ##$$a 10607207 =990 ##$$a 10607208 =990 ##$$a 10607209 =990 ##$$a 10607211 =990 ##$$a 10607213 =990 ##$$a 20609504 =990 ##$$a 20609505 =990 ##$$a 20609506 =990 ##$$a 20609507 =990 ##$$a 20609508 =990 ##$$a 20609509 =990 ##$$a 20609511 =990 ##$$a 20609512 =990 ##$$a 142.716/Pro.99 =990 ##$$a 51900014 =990 ##$$a 142.716/Pro-99 =990 ##$$a DW99000801 =990 ##$$a 00044425 =990 ##$$a 10607206 =990 ##$$a 10607207 =990 ##$$a 10607208 =990 ##$$a 10607209 =990 ##$$a 10607211 =990 ##$$a 10607213 =990 ##$$a 20609504 =990 ##$$a 20609505 =990 ##$$a 20609506 =990 ##$$a 20609507 =990 ##$$a 20609508 =990 ##$$a 20609509 =990 ##$$a 20609511 =990 ##$$a 20609512 =990 ##$$a 142.716/Pro.99 =990 ##$$a 51900014 =990 ##$$a 00044425 =990 ##$$a DW99000801 =990 ##$$a 142.716/Pro-99 =990 ##$$a 10607206 =990 ##$$a 10607207 =990 ##$$a 10607208 =990 ##$$a 10607209 =990 ##$$a 10607211 =990 ##$$a 10607213 =990 ##$$a 20609504 =990 ##$$a 20609505 =990 ##$$a 20609506 =990 ##$$a 20609507 =990 ##$$a 20609508 =990 ##$$a 20609509 =990 ##$$a 20609511 =990 ##$$a 20609512 =990 ##$$a 142.716/Pro.99 =990 ##$$a 51900014 =990 ##$$a 10607211 =990 ##$$a DW99000801 =990 ##$$a 142.716/Pro-99 =990 ##$$a 00044425 =990 ##$$a 10607206 =990 ##$$a 10607207 =990 ##$$a 10607208 =990 ##$$a 10607209 =990 ##$$a 10607213 =990 ##$$a 20609504 =990 ##$$a 20609505 =990 ##$$a 20609506 =990 ##$$a 20609507 =990 ##$$a 20609508 =990 ##$$a 20609509 =990 ##$$a 20609511 =990 ##$$a 20609512 =990 ##$$a 142.716/Pro.99 =990 ##$$a 51900014 =990 ##$$a 20609511 =990 ##$$a DW99000801 =990 ##$$a 142.716/Pro-99 =990 ##$$a 00044425 =990 ##$$a 10607206 =990 ##$$a 10607207 =990 ##$$a 10607208 =990 ##$$a 10607209 =990 ##$$a 10607211 =990 ##$$a 10607213 =990 ##$$a 20609504 =990 ##$$a 20609505 =990 ##$$a 20609506 =990 ##$$a 20609507 =990 ##$$a 20609508 =990 ##$$a 20609509 =990 ##$$a 20609512 =990 ##$$a 142.716/Pro.99 =990 ##$$a 51900014